| 000 | 00416nam a2200157Ia 4500 | ||
|---|---|---|---|
| 008 | 210716s2011 xx 000 0 und d | ||
| 020 | _a9788120330849 | ||
| 041 | _aeng | ||
| 082 | _a158.35 SINK | ||
| 100 | _aSingh, Kavita. | ||
| 245 | _aCounselling skills for managers. | ||
| 250 | _a2 | ||
| 260 |
_aNew Delhi _bPHI Learning private limited. _c2011 |
||
| 300 | _axix,271/2015 | ||
| 650 | _aCounseling & Coaching | ||
| 999 |
_c209831 _d209831 |
||